000 00580nam a2200205 a 4500
001 18944
003 CO-ViMGA
008 141112s2004 ck r 000 u spa d
020 _a8435016250
040 _aCO-ViMGA
_bspa
_cCO-ViMGA
082 0 4 _a823.91 D184
100 1 _aDavis, Lindsay
_927070
245 1 0 _aLa Estatua de bronce :
_buna novela de Marco Didio Falco
260 _aBarcelona :
_bEdhasa; 1992
300 _a474 p.
590 _aForma de adquisición : Premio Mincultura
650 1 4 _aNOVELA INGLESA
650 1 4 _aROMA - HISTORIA - NOVELA
_927071
942 _2ddc
_cBK
999 _c28137
_d28137